000
00333pab a2200145 454500
008
180718b1997 xxu||||| |||| 00| 0 eng d
100
_a
Amjad Ali
245
_a
ETV and the Commonwealth of learning
260
_c
1997
300
_a
p.9-11
362
_a
19 May
650
_a
Education
773
_a
University News
909
_a
34044
999
_c
34044
_d
34044